Měření při revizích elektrických zařízení /

Na minha lista:
Detalhes bibliográficos
Autor principal: Tříska, Jiří (Author)
Formato: Livro
Idioma:tcheco
Publicado em: Praha : SNTL, 1989
Edição:2.vyd.
Tags: Adicionar Tag
Sem tags, seja o primeiro a adicionar uma tag!

MARC

LEADER 00000nam a22000003a 4500
001 stu32277
005 20150617225732.0
008 950508s1989----cs------------------cze-d
020 |a 80-03-00093-9 
040 |a STU  |b slo 
041 0 |a cze 
044 |a cs 
080 |a 621.317 
100 1 |a Tříska, Jiří  |4 aut 
245 1 |a Měření při revizích elektrických zařízení /  |c [aut.] Tříska,Jiří 
250 |a 2.vyd. 
260 |a Praha :  |b SNTL,  |c 1989 
300 |a 295 s 
996 |b J89160  |c J*89160  |l JJK3  |s P  |a 0  |w stu32277_0001